00253nam a22000737a 4500008004100000100002300041245010700064300000800171140219t xxu||||| |||| 00| 0 eng d aDany Spencer Adams aLab Mathba handbook of measurements, calculations, and other quantitative skills for use at the bench a275